| 000 | 00736nam a2200241 i 4500 | ||
|---|---|---|---|
| 001 | 16235 | ||
| 003 | ES-MaACL | ||
| 005 | 20230906151252.0 | ||
| 007 | t| | ||
| 008 | 000818s1995 sp ||||1| spa d | ||
| 020 | _a84-85081-29-3 | ||
| 080 | _a840-34"18" | ||
| 100 | 1 |
_aMallarmé, Stéphane ( _d1842-1898) _975791 |
|
| 245 | 1 | 0 |
_aCuentos indios / _cStéphane Mallarmé ; traducidos y presentados por Xavier Aleixandre. |
| 250 | _a2ª ed. | ||
| 260 |
_aValencia : _bPre-textos, _c1995. |
||
| 300 |
_a84 p. ; _c19 cm. |
||
| 490 | 1 |
_aPre-textos ; _v28. _aNarrativa |
|
| 700 | 1 |
_aAleixandre, Xavier. _919692 |
|
| 830 | 0 |
_aPre-textos ; _v28. _aNarrativa _9179720 |
|
| 852 |
_aES-MaACL _jL-23535 _bR.128832 |
||
| 999 |
_c16235 _d16235 |
||